Tallest and Shortest Presidents Quiz Stats

 Plays Quiz not verified by Sporcle

Score 0/19 Timer 06:00
0 Plays Today
Over 6'/Under 5' 8' President % Correct
6 feet 4 inchesLincoln
91.3%
6 feet 2 inchesRoosevelt
89.9%
6 feet 4 inchesJohnson
84.1%
6 feet 1 inchJackson
75.4%
6 feet 1 inchObama
71%
6 feet 2 inchesClinton
69.6%
6 feet 1 inchReagan
66.7%
5 feet 4 inchesMadison
66.7%
5 feet 8 inchesPolk
65.2%
6 feet 2 inchesBush
63.8%
Over 6'/Under 5' 8' President % Correct
5 feet 8 inchesHarrison
63.8%
5 feet 7 1/2 inchesAdams
63.8%
6' feet 2 1/2 inchesJefferson
62.3%
5 feet 7 inchesAdams
60.9%
5 feet 8 inchesTaylor
56.5%
5 feet 6 inchesVan Buren
56.5%
5 feet 6 inchesHarrison
49.3%
5 feet 8 inchesGrant
46.4%
5 feet 7 inchesMcKinley
43.5%

You're not logged in!

Compare scores with friends on all Sporcle quizzes.
OR
Log In

Show Comments

Extras

Top Quizzes Today


Score Distribution

Your Account Isn't Verified!

In order to create a playlist on Sporcle, you need to verify the email address you used during registration. Go to your Sporcle Settings to finish the process.

Report this User

Report this user for behavior that violates our Community Guidelines.

Details: